[Event "Samara Polugaevsky Memorial 4th"]
[Site "Samara"]
[Date "2014.07.07"]
[Round "6"]
[White "Gusev, Boris A"]
[Black "Mineev, Stanislav"]
[Result "0-1"]
[WhiteElo "1905"]
[BlackElo "1766"]
[PlyCount "80"]
[EventDate "2014.07.02"]
[EventType "swiss"]
[EventRounds "9"]
[EventCountry "RUS"]
[SourceTitle "CBM 161 Extra"]
[Source "ChessBase"]
[SourceDate "2014.08.29"]
[SourceVersion "1"]
[SourceVersionDate "2014.08.29"]
[SourceQuality "1"]

1. Nf3 Nf6 2. c4 g6 3. d4 Bg7 4. Nc3 0-0 5. e4 d6 6. h3 Nbd7 7. Be3 e5 8. d5 a5 9. Bd3 Ne8 10. g4 Nc5 11. Bc2 c6 12. dxc6 Qb6 13. cxb7 Bxb7 14. Rb1 Qb4 15. Nd2 Qb6 16. Nd5 Bxd5 17. cxd5 Nf6 18. 0-0 h5 19. f3 Qd8 20. Kg2 Nh7 21. Nc4 Kh8 22. Qd2 Bf6 23. a3 a4 24. Kh2 Bh4 25. gxh5 gxh5 26. Rg1 Qf6 27. Rbf1 Rg8 28. Rxg8+ Rxg8 29. Qe2 Bg3+ 30. Kh1 Qh4 31. Qg2 Bf4 32. Bxf4 Rxg2 33. Bxe5+ dxe5 34. Kxg2 Ng5 35. Rh1 Qf4 36. Bd1 h4 37. Rg1 Qg3+ 38. Kf1 Qxh3+ 39. Kf2 Ngxe4+ 40. Ke3 Qh2 0-1

[Event "Samara Polugaevsky Memorial 4th"]
[Site "Samara"]
[Date "2014.07.03"]
[Round "2"]
[White "Miroshnichenko, Pavel"]
[Black "Mineev, Stanislav"]
[Result "1-0"]
[WhiteElo "2257"]
[BlackElo "1766"]
[PlyCount "39"]
[EventDate "2014.07.02"]
[EventType "swiss"]
[EventRounds "9"]
[EventCountry "RUS"]
[SourceTitle "CBM 161 Extra"]
[Source "ChessBase"]
[SourceDate "2014.08.29"]
[SourceVersion "1"]
[SourceVersionDate "2014.08.29"]
[SourceQuality "1"]

1. e4 e6 2. d4 d5 3. Nd2 Nf6 4. e5 Nfd7 5. Bd3 c5 6. c3 Nc6 7. Ne2 cxd4 8. cxd4 f6 9. exf6 Nxf6 10. 0-0 Qc7 11. Nf3 Bd6 12. Nc3 a6 13. Be3 0-0 14. Rc1 Bd7 15. Na4 Rae8 16. Nc5 Ng4 17. Bxh7+ Kh8 18. Nxd7 Qxd7 19. Bg6 Rc8 20. Ne5 1-0